000 00444nam a22001697a 4500
003 NUST - PNEC
005 20170116181000.0
008 150912b xxu||||| |||| 00| 0 eng d
020 _a0091656117
040 _cLIBRARY
082 _a621.3811 WOO
100 _99468
_aWoollons, D. J.
245 _aMicroelectronics systems : level III
_cD. J. Woollons
260 _cc.1982
650 _99466
_aElectronics engineering
_xEE
942 _2ddc
_cBK
999 _c66674
_d66674